00566nam a2200217Ia 4500003000900000008004100009040001300050040001300063041000800076100002200084100000800106245010700114250001100221260001200232260000900244300001100253300001200264490003100276490000600307600003500313IT-RoPAU120407s9999 xx 000 0 und d aIT-RoPAU cIT-RoPAU afra aGregorius Magnus csan a"Commentaire sur le Primier Livre des Rois. Intr., trad., et notes par A. Vogué. (latino-francese)" aParis  aDu Cerf c1989 a495 p. c19,5 cm aSources Chrétiennes, 351 v1 aI° Tome I (preface - II, 28).